Score 0/14 Timer 01:30
1 Play Today
Clue 4-Letter Word % Correct
With (Rung 10) and (Rung 14), what you must do before crossing a street◔_◔ LOOK ◔_◔
98.4%
A small water craftBOAT
96.1%
Deep water-filled ditch around a castleMOAT
95.7%
An employerBOSS
95.1%
A small green plant growing in clusters on rocksMOSS
94.4%
The majorityMOST
94.4%
Shoe reaching to the ankleBOOT
92.9%
Clue 4-Letter Word % Correct
PlunderLOOT
89%
A washing of the bodyBATH
86.6%
Flying mammalsBATS
86.1%
Miami Heat forward ChrisBOSH
79.4%
With (Rung 1) and (Rung 14), what you must do before crossing a street◔_◔ BOTH ◔_◔
79.1%
With (Rung 1) and (Rung 10), what you must do before crossing a street◔_◔ WAYS ◔_◔
77%
Broad inlets of the sea where the land curves inwardBAYS
76.7%

Today's Daily Dose

Missing Word
I Hardly Know Her!

Word Ladder
Sentence Ending

Quick Pick
Female Firsts

Get the Picture
Triathlon Sports

Remove Ads.
Support Sporcle.
Get the best of Sporcle when you Go Orange. This ad-free experience offers more features, more stats, and more fun while also helping to support Sporcle. Thank you for becoming a member.

You're not logged in!

Compare scores with friends on all Sporcle quizzes.
OR
Log In

Show Comments

Extras

Top Quizzes Today


Score Distribution

Your Account Isn't Verified!

In order to create a playlist on Sporcle, you need to verify the email address you used during registration. Go to your Sporcle Settings to finish the process.

Report this User

Report this user for behavior that violates our Community Guidelines.

Details: